[Event "15. Sueder Sommerpokal 2005"]
[Site "Recklinghausen GER"]
[Date "2005.08.02"]
[Round "2.21"]
[White "Michalicek, Roland"]
[Black "Rebber, Christian"]
[Result "1-0"]
[WhiteElo "1733"]
[BlackElo "2108"]
[PlyCount "73"]
[EventDate "2005.08.01"]
[EventType "swiss"]
[EventRounds "9"]
[EventCountry "GER"]
[Source "lmi"]
[SourceDate "2005.08.02"]

1. e4 c5 2. Nf3 Nc6 3. d4 cxd4 4. Nxd4 Nf6 5. Nc3 d6 6. Bc4 e6 7. O-O Be7 8.
Bg5 O-O 9. Qd2 a6 10. a3 Qc7 11. Ba2 Rd8 12. Rad1 Bd7 13. Nde2 Ne5 14. Bxf6
gxf6 15. Nf4 Bc6 16. Nh5 Kh8 17. Qh6 Rg8 18. Nxf6 Rg7 19. Bb3 Qd8 20. Nh5 Rg6
21. Qe3 Qa5 22. Ng3 Rag8 23. Qd4 f6 24. Bxe6 R8g7 25. Kh1 d5 26. exd5 Bc5 27.
Qh4 Be8 28. b4 Qxa3 29. bxc5 Qxc3 30. Bf5 Rg5 31. Qd4 Qxd4 32. Rxd4 Nd7 33. c6
bxc6 34. dxc6 Nb6 35. Rd8 Rg8 36. c7 Bc6 37. Rb1 1-0

[Event "15. Sueder Sommerpokal 2005"]
[Site "Recklinghausen GER"]
[Date "2005.08.02"]
[Round "2.22"]
[White "Krug, Kevin"]
[Black "Bosau, Jens"]
[Result "1-0"]
[WhiteElo "2098"]
[BlackElo "1657"]
[PlyCount "81"]
[EventDate "2005.08.01"]
[EventType "swiss"]
[EventRounds "9"]
[EventCountry "GER"]
[Source "lmi"]
[SourceDate "2005.08.02"]

1. e4 d6 2. d4 Nf6 3. Nc3 g6 4. f3 Bg7 5. Be3 O-O 6. Qd2 Nbd7 7. O-O-O e5 8.
Nge2 exd4 9. Nxd4 Qe7 10. Bh6 Ne5 11. h4 Nh5 12. Bxg7 Nxg7 13. h5 Ne6 14. Nd5
Qg5 15. Qxg5 Nxg5 16. Nxc7 Rb8 17. f4 Nxe4 18. fxe5 dxe5 19. Rh4 Ng3 20. Nf3 e4
21. Ng5 e3 22. Bc4 Nxh5 23. Re4 e2 24. Re1 Ng3 25. Re3 Nf5 26. R3xe2 h6 27.
Nxf7 Rxf7 28. Re7 Nxe7 29. Rxe7 Bf5 30. Rxf7 Kh8 31. Bd3 Kg8 32. Re7 Rf8 33.
Kd2 Bxd3 34. cxd3 Rf2+ 35. Re2 Rf7 36. Ne6 b6 37. d4 Rd7 38. Kd3 g5 39. Ke4 Kf7
40. Ke5 Re7 41. d5 1-0

[Event "15. Sueder Sommerpokal 2005"]
[Site "Recklinghausen GER"]
[Date "2005.08.02"]
[Round "2.23"]
[White "Senay, Baris"]
[Black "Reichelt, Manfred"]
[Result "0-1"]
[WhiteElo "1659"]
[BlackElo "2092"]
[PlyCount "98"]
[EventDate "2005.08.01"]
[EventType "swiss"]
[EventRounds "9"]
[EventCountry "GER"]
[Source "lmi"]
[SourceDate "2005.08.02"]

1. Nf3 d5 2. d4 g6 3. c4 Bg7 4. Nc3 Nf6 5. e3 O-O 6. b3 c5 7. Bb2 cxd4 8. exd4
Nc6 9. Ne5 Nxe5 10. dxe5 Ng4 11. Nxd5 Nxe5 12. Ba3 Nc6 13. Bc5 Be6 14. Rc1 Qa5+
15. b4 Qxa2 16. Qe2 Qxe2+ 17. Bxe2 Bxd5 18. cxd5 Nd4 19. Bxd4 Bxd4 20. Rc4 Be5
21. O-O Rac8 22. Rfc1 Rxc4 23. Rxc4 Rd8 24. f4 Bf6 25. Bf3 Rd6 26. Kf2 Rb6 27.
Ke3 g5 28. f5 Be5 29. g3 Bd6 30. f6 exf6 31. Be4 Bxb4 32. Kf3 Bd6 33. Kg4 Kg7
34. Rc8 Rb4 35. Kf5 a5 36. h4 h6 37. Rd8 Rb6 38. Kg4 a4 39. Kh5 a3 40. Bb1 Rxb1
41. Ra8 gxh4 42. g4 h3 43. g5 hxg5 44. Rg8+ Kxg8 45. Kg4 h2 46. Kf3 h1=Q+ 47.
Ke2 Qg2+ 48. Kd3 Qf3+ 49. Kd4 Rb4# 0-1

[Event "15. Sueder Sommerpokal 2005"]
[Site "Recklinghausen GER"]
[Date "2005.08.02"]
[Round "2.24"]
[White "Denig, Friedrich"]
[Black "Riesenbeck, Marten"]
[Result "1/2-1/2"]
[WhiteElo "2077"]
[BlackElo "1647"]
[PlyCount "53"]
[EventDate "2005.08.01"]
[EventType "swiss"]
[EventRounds "9"]
[EventCountry "GER"]
[Source "lmi"]
[SourceDate "2005.08.02"]

1. d4 Nf6 2. Nf3 e6 3. c4 b6 4. a3 Bb7 5. g3 d5 6. cxd5 exd5 7. Bg2 Be7 8. Nc3
O-O 9. O-O c5 10. Bg5 h6 11. Bxf6 Bxf6 12. e3 Nc6 13. dxc5 Bxc3 14. bxc3 bxc5
15. Qd3 Ne7 16. Qb5 Qc7 17. Nd2 Qc6 18. Rfb1 Rfb8 19. c4 Qc7 20. Rc1 d4 21.
Bxb7 Rxb7 22. Qa4 dxe3 23. fxe3 Nf5 24. Nf1 Rd8 25. Rab1 Rxb1 26. Rxb1 Nd6 27.
Rd1 1/2-1/2

[Event "15. Sueder Sommerpokal 2005"]
[Site "Recklinghausen GER"]
[Date "2005.08.02"]
[Round "2.25"]
[White "Kartsev, Alexandr"]
[Black "Kortenbusch, Christoph"]
[Result "0-1"]
[WhiteElo "1647"]
[BlackElo "2070"]
[PlyCount "86"]
[EventDate "2005.08.01"]
[EventType "swiss"]
[EventRounds "9"]
[EventCountry "GER"]
[Source "lmi"]
[SourceDate "2005.08.02"]

1. d4 Nf6 2. Bg5 e6 3. Nf3 h6 4. Bh4 c5 5. c3 Qb6 6. Qc2 cxd4 7. cxd4 Nc6 8. e3
Be7 9. Be2 d5 10. O-O O-O 11. Nbd2 Re8 12. a3 a5 13. Rac1 a4 14. h3 Bd7 15. Bg3
Rec8 16. Qb1 Ne8 17. Rc3 Bd6 18. Bxd6 Nxd6 19. Rfc1 Qd8 20. Ne1 b5 21. Rc5 Nc4
22. Bxc4 bxc4 23. Ndf3 Rcb8 24. e4 Qb6 25. exd5 Nxd4 26. R1xc4 exd5 27. Rxd5
Ne2+ 28. Kh1 Be6 29. Rb4 Qxf2 30. Ra5 Bxh3 31. Qd3 Rd8 32. Rxa8 Rxa8 33. Kh2
Bxg2 34. Nxg2 Qg3+ 35. Kh1 Qh3+ 36. Nh2 Qxd3 37. Ne1 Qd5+ 38. Nhf3 Rc8 39. Kg2
g5 40. Rxa4 Nf4+ 41. Kg3 Rc1 42. Ra6 Kg7 43. b4 Qe4 0-1

[Event "15. Sueder Sommerpokal 2005"]
[Site "Recklinghausen GER"]
[Date "2005.08.02"]
[Round "2.26"]
[White "Bensch, Arnold Heinrich"]
[Black "Rütten, Ingmar"]
[Result "0-1"]
[WhiteElo "1632"]
[BlackElo "2037"]
[PlyCount "104"]
[EventDate "2005.08.01"]
[EventType "swiss"]
[EventRounds "9"]
[EventCountry "GER"]
[Source "lmi"]
[SourceDate "2005.08.02"]

1. e4 c5 2. Nf3 d6 3. c3 Nc6 4. d4 Nf6 5. d5 Nb8 6. h3 g6 7. Be3 a6 8. Nbd2 Bg7
9. a4 e6 10. Bc4 exd5 11. exd5 O-O 12. Qb3 Re8 13. O-O Nbd7 14. Bd3 Ne5 15.
Nxe5 Rxe5 16. Nf3 Rh5 17. c4 Rb8 18. Qc2 b5 19. Rad1 bxc4 20. Bxc4 Bf5 21. Qe2
Qd7 22. h4 Ne4 23. Bc1 Re8 24. Rfe1 Bg4 25. Bxa6 Re7 26. Bb5 Qd8 27. Qd3 f5 28.
g3 Bf6 29. Kg2 Qa5 30. Bd2 Bxf3+ 31. Qxf3 Nxd2 32. Qd3 Rxe1 33. Rxe1 Ne4 34.
Rxe4 fxe4 35. Qxe4 Re5 36. Qg4 Qa8 37. Bc6 Qb8 38. Bb5 Rf5 39. Qe4 Re5 40. Qg4
Qd8 41. Bc6 Kg7 42. b4 Qb6 43. b5 Rf5 44. Qe4 Re5 45. Qg4 Rf5 46. Qe4 c4 47. f4
Qd4 48. Kf3 Qd1+ 49. Qe2 Qh1+ 50. Ke3 Qc1+ 51. Ke4 Be5 52. a5 Rxf4+ 0-1

[Event "15. Sueder Sommerpokal 2005"]
[Site "Recklinghausen GER"]
[Date "2005.08.02"]
[Round "2.27"]
[White "Distelrath, Oliver"]
[Black "Wrona, Manfred"]
[Result "1-0"]
[WhiteElo "2029"]
[BlackElo "1609"]
[PlyCount "63"]
[EventDate "2005.08.01"]
[EventType "swiss"]
[EventRounds "9"]
[EventCountry "GER"]
[Source "lmi"]
[SourceDate "2005.08.02"]

1. d4 d5 2. Nf3 Nf6 3. Bf4 Bg4 4. e3 c6 5. Nbd2 e6 6. h3 Bh5 7. c3 Bd6 8. Bxd6
Qxd6 9. Qb3 Qc7 10. Qa3 Nbd7 11. Bd3 Bg6 12. Be2 b6 13. Rc1 c5 14. O-O O-O 15.
c4 Qd6 16. cxd5 exd5 17. dxc5 bxc5 18. Nd4 Qb6 19. Nb5 a6 20. Nc3 Rfc8 21. Rfd1
Qe6 22. Na4 c4 23. b3 Ne5 24. bxc4 dxc4 25. Nf3 Bd3 26. Nd4 Bxe2 27. Nxe6 Bxd1
28. Nb6 fxe6 29. Nxc8 Be2 30. Qd6 Kf7 31. Qc7+ Ned7 32. Nb6 1-0

[Event "15. Sueder Sommerpokal 2005"]
[Site "Recklinghausen GER"]
[Date "2005.08.02"]
[Round "2.28"]
[White "Berthy, Andreas"]
[Black "Wachovius, Hans-Werner"]
[Result "1-0"]
[WhiteElo "1582"]
[BlackElo "2027"]
[PlyCount "137"]
[EventDate "2005.08.01"]
[EventType "swiss"]
[EventRounds "9"]
[EventCountry "GER"]
[Source "lmi"]
[SourceDate "2005.08.02"]

1. e4 e6 2. d4 d5 3. exd5 exd5 4. Nf3 Nf6 5. Be2 Be7 6. O-O O-O 7. Re1 c5 8. c3
Nc6 9. Be3 Ng4 10. Bd3 h6 11. Bf4 Bd6 12. Bxd6 Qxd6 13. h3 Nf6 14. Na3 a6 15.
Nc2 c4 16. Be2 Bf5 17. Ne3 Bh7 18. b3 b5 19. b4 Ne4 20. Qc1 f5 21. Nd2 Ne7 22.
Bf3 Kh8 23. Qb2 g5 24. a4 Bg6 25. axb5 axb5 26. Bxe4 fxe4 27. Rxa8 Rxa8 28. Ra1
Rf8 29. Ra6 Qf4 30. Ndf1 Be8 31. Ra7 Qd6 32. Qa2 h5 33. Ng3 h4 34. Ra6 Qf4 35.
Ngf1 Bc6 36. Nh2 Kg8 37. Nhg4 Kg7 38. Ra7 Qd6 39. Qa6 Kg8 40. Rxe7 Ra8 41. Nf5
Qf4 42. Nfh6+ Kf8 43. Ra7 Qc1+ 44. Kh2 Qf4+ 45. g3 hxg3+ 46. fxg3 Qd2+ 47. Kg1
Qe1+ 48. Kg2 Qe2+ 49. Nf2 Qf3+ 50. Kf1 Rxa7 51. Qxa7 e3 52. Qf7+ Qxf7 53. Nxf7
Kxf7 54. Nd1 Bd7 55. g4 Ke6 56. Nxe3 Be8 57. Kf2 Bg6 58. Kg3 Bd3 59. Ng2 Be4
60. Ne1 Kf6 61. Nf3 Bxf3 62. Kxf3 Kg6 63. Kg3 Kh6 64. h4 Kg6 65. hxg5 Kxg5 66.
Kf3 Kg6 67. Kf4 Kf6 68. g5+ Ke6 69. Kg4 1-0

[Event "15. Sueder Sommerpokal 2005"]
[Site "Recklinghausen GER"]
[Date "2005.08.02"]
[Round "2.29"]
[White "Oberste, Norbert"]
[Black "Rausch, Peter"]
[Result "1-0"]
[WhiteElo "1996"]
[BlackElo "1466"]
[PlyCount "59"]
[EventDate "2005.08.01"]
[EventType "swiss"]
[EventRounds "9"]
[EventCountry "GER"]
[Source "lmi"]
[SourceDate "2005.08.02"]

1. f4 d5 2. d4 Nf6 3. Nf3 g6 4. e3 Bg7 5. Bd3 O-O 6. O-O Nc6 7. c3 Bg4 8. Qc2
Bxf3 9. Rxf3 e6 10. h3 Qd7 11. g4 Ne7 12. Rg3 Rac8 13. Qg2 c5 14. Nd2 cxd4 15.
exd4 a6 16. Nf1 Ne8 17. h4 Nd6 18. h5 b5 19. Rh3 g5 20. h6 Bh8 21. Rh5 gxf4 22.
Bxf4 Ng6 23. Qh2 Rc6 24. Ne3 b4 25. Rc1 Bxd4 26. Kh1 e5 27. Nf5 Nxf4 28. Nxd4
Nxh5 29. gxh5 exd4 30. Qg3+ 1-0

[Event "15. Sueder Sommerpokal 2005"]
[Site "Recklinghausen GER"]
[Date "2005.08.02"]
[Round "2.30"]
[White "Knack, Willi"]
[Black "Deinert, Wolfgang"]
[Result "1-0"]
[WhiteElo "1700"]
[BlackElo "1951"]
[PlyCount "73"]
[EventDate "2005.08.01"]
[EventType "swiss"]
[EventRounds "9"]
[EventCountry "GER"]
[Source "lmi"]
[SourceDate "2005.08.02"]

1. e4 e6 2. d4 d5 3. Nd2 c5 4. c3 cxd4 5. cxd4 Nc6 6. exd5 exd5 7. Ngf3 Bd6 8.
Bd3 Qe7+ 9. Qe2 Qxe2+ 10. Kxe2 Nf6 11. Re1 O-O 12. Kf1 Nb4 13. Bb1 Bd7 14. a4
Rfe8 15. Ne5 Bxe5 16. dxe5 Ng4 17. Nf3 Rac8 18. Bd2 Nc6 19. Bc3 d4 20. Nxd4
Nxh2+ 21. Kg1 Ng4 22. Nf5 Ngxe5 23. Nd6 Rb8 24. Nxe8 Rxe8 25. f4 Nc4 26. Rxe8+
Bxe8 27. Bd3 Nb6 28. Re1 Bd7 29. Bf5 f6 30. Bxd7 Nxd7 31. b4 Kf7 32. b5 Ne7 33.
Bb4 Nd5 34. Bd6 a6 35. bxa6 bxa6 36. a5 f5 37. Rc1 1-0

[Event "15. Sueder Sommerpokal 2005"]
[Site "Recklinghausen GER"]
[Date "2005.08.02"]
[Round "2.31"]
[White "Stahl, Matthias"]
[Black "Bashylin, Vsevolod"]
[Result "1/2-1/2"]
[WhiteElo "1595"]
[BlackElo "1362"]
[PlyCount "48"]
[EventDate "2005.08.01"]
[EventType "swiss"]
[EventRounds "9"]
[EventCountry "GER"]
[Source "lmi"]
[SourceDate "2005.08.02"]

1. e4 e6 2. d4 d5 3. Nc3 dxe4 4. Nxe4 Nd7 5. Nf3 Ngf6 6. Bd3 Nxe4 7. Bxe4 Nf6
8. Bd3 Be7 9. O-O O-O 10. c3 b6 11. Qc2 Bb7 12. Ne5 Qd5 13. f3 c5 14. Bc4 Qd6
15. Bf4 Qd8 16. Rfe1 Nd5 17. Bg3 Bh4 18. Qf2 Bxg3 19. hxg3 cxd4 20. Qxd4 Qc7
21. Kf2 Rac8 22. Bb3 Qc5 23. Qxc5 bxc5 24. c4 Nf6 1/2-1/2

[Event "15. Sueder Sommerpokal 2005"]
[Site "Recklinghausen GER"]
[Date "2005.08.02"]
[Round "2.32"]
[White "Rodig, Claus"]
[Black "Simon, Roland"]
[Result "1-0"]
[WhiteElo "1439"]
[BlackElo "1877"]
[PlyCount "81"]
[EventDate "2005.08.01"]
[EventType "swiss"]
[EventRounds "9"]
[EventCountry "GER"]
[Source "lmi"]
[SourceDate "2005.08.02"]

1. Nf3 d5 2. b3 Nf6 3. Bb2 e6 4. e3 Be7 5. c4 O-O 6. Be2 b6 7. O-O Bb7 8. Na3
c5 9. Rc1 Nc6 10. Nc2 dxc4 11. Bxc4 Qc7 12. Qe2 Rad8 13. d4 Nd5 14. dxc5 bxc5
15. Na3 Qb6 16. Bd3 Ncb4 17. Bb1 Ba6 18. Nc4 Qb7 19. a3 Nc6 20. Qc2 g6 21. Rfd1
Bxc4 22. bxc4 Nb6 23. Qc3 e5 24. Be4 Na4 25. Qc2 Rxd1+ 26. Rxd1 Nxb2 27. Bxc6
Qxc6 28. Qxb2 f6 29. h3 Rd8 30. Rxd8+ Bxd8 31. Qd2 Bc7 32. Qc2 f5 33. Nd2 Qd6
34. e4 f4 35. Nf3 Kg7 36. Qa4 Bd8 37. Qxa7+ Kh6 38. Qa4 Bf6 39. Qc2 g5 40. Qd2
Kg6 41. Qxd6 1-0

[Event "15. Sueder Sommerpokal 2005"]
[Site "Recklinghausen GER"]
[Date "2005.08.02"]
[Round "2.33"]
[White "Klees, Robert"]
[Black "Nebel, Rudi"]
[Result "0-1"]
[WhiteElo "1296"]
[BlackElo "1598"]
[PlyCount "52"]
[EventDate "2005.08.01"]
[EventType "swiss"]
[EventRounds "9"]
[EventCountry "GER"]
[Source "lmi"]
[SourceDate "2005.08.02"]

1. d4 Nf6 2. Nc3 d5 3. Bg5 e6 4. Nf3 Be7 5. e3 Nbd7 6. Bd3 c6 7. O-O Qc7 8. Re1
O-O 9. e4 dxe4 10. Nxe4 Re8 11. c4 Qd8 12. Bf4 Nxe4 13. Bxe4 Bf6 14. Rc1 g6 15.
Ne5 Qa5 16. Ng4 Bg7 17. a3 f5 18. Nh6+ Bxh6 19. Bxh6 fxe4 20. Rxe4 e5 21. Rc3
Nf6 22. Re2 Bg4 23. f3 exd4 24. Rxe8+ Rxe8 25. Qxd4 Qf5 26. fxg4 Re1# 0-1

[Event "15. Sueder Sommerpokal 2005"]
[Site "Recklinghausen GER"]
[Date "2005.08.02"]
[Round "2.34"]
[White "Mundorf, Johannes"]
[Black "Lange, Hans-Werner"]
[Result "1-0"]
[WhiteElo "1253"]
[BlackElo "1589"]
[PlyCount "55"]
[EventDate "2005.08.01"]
[EventType "swiss"]
[EventRounds "9"]
[EventCountry "GER"]
[Source "lmi"]
[SourceDate "2005.08.02"]

1. e4 d6 2. d4 Nf6 3. Nc3 g6 4. Bf4 Bg7 5. Bc4 O-O 6. Nf3 c6 7. Qd2 b5 8. Bb3
b4 9. Ne2 Nxe4 10. Qxb4 Bg4 11. Nd2 c5 12. Qb7 Nxd2 13. Qxa8 Nxb3 14. axb3 Bxe2
15. Kxe2 Bxd4 16. c3 Bg7 17. Rhd1 Qd7 18. Qe4 e6 19. Bxd6 Qb5+ 20. Qc4 Qc6 21.
Bxf8 Bxf8 22. Rd8 Nd7 23. Rd1 Nf6 24. b4 Kg7 25. Rxf8 Kxf8 26. Qxc5+ Qxc5 27.
bxc5 Nd5 28. Ra1 1-0

[Event "15. Sueder Sommerpokal 2005"]
[Site "Recklinghausen GER"]
[Date "2005.08.02"]
[Round "2.35"]
[White "Glahn, Michael"]
[Black "Kitis, Peter"]
[Result "0-1"]
[WhiteElo "1234"]
[BlackElo "1578"]
[PlyCount "106"]
[EventDate "2005.08.01"]
[EventType "swiss"]
[EventRounds "9"]
[EventCountry "GER"]
[Source "lmi"]
[SourceDate "2005.08.02"]

1. e4 e6 2. d4 d5 3. Nc3 Bb4 4. Bd3 c5 5. a3 cxd4 6. axb4 dxc3 7. bxc3 dxe4 8.
Bxe4 Qxd1+ 9. Kxd1 Nf6 10. Bf3 O-O 11. Bf4 Nbd7 12. Ne2 e5 13. c4 exf4 14. Nxf4
Ne5 15. Bd5 Rd8 16. Ke2 g5 17. Nd3 Nxd3 18. Kxd3 Nxd5 19. cxd5 Rxd5+ 20. Kc3
Be6 21. Rhe1 Rc8+ 22. Kb2 a6 23. Re2 Rcd8 24. Kc3 Rc8+ 25. Kb2 h5 26. Rh1 Rc4
27. Kb3 Rb5 28. Ka3 Rcxb4 29. Rd1 Rb2 30. Ra1 a5 31. c4 Rxe2 32. cxb5 Rxf2 33.
Ka4 Rxg2 34. Kxa5 Ra2+ 35. Rxa2 Bxa2 36. Kb6 Bc4 37. Kc5 Bxb5 38. Kxb5 g4 39.
Kb6 h4 40. Kxb7 g3 41. hxg3 hxg3 42. Kc7 g2 43. Kd6 g1=Q 44. Ke5 Qd1 45. Kf6
Qd5 46. Ke7 f5 47. Kf6 f4 48. Kg6 Qe5 49. Kh6 f3 50. Kg6 f2 51. Kh6 f1=R 52.
Kg6 Rg1+ 53. Kh6 Qh2# 0-1

[Event "15. Sueder Sommerpokal 2005"]
[Site "Recklinghausen GER"]
[Date "2005.08.02"]
[Round "2.36"]
[White "Maibaum, Ludwig"]
[Black "Thiem, Simon"]
[Result "0-1"]
[WhiteElo "1566"]
[BlackElo "1155"]
[PlyCount "76"]
[EventDate "2005.08.01"]
[EventType "swiss"]
[EventRounds "9"]
[EventCountry "GER"]
[Source "lmi"]
[SourceDate "2005.08.02"]

1. c4 f5 2. Nc3 e6 3. d4 Bb4 4. a3 Bxc3+ 5. bxc3 d6 6. g3 Nf6 7. Bg5 Nbd7 8.
Bg2 h6 9. Bd2 Qe7 10. f3 Nb6 11. Qb3 Bd7 12. a4 a5 13. Nh3 g5 14. Nf2 Bc6 15.
O-O Rg8 16. e4 f4 17. d5 Bd7 18. g4 e5 19. Rfb1 h5 20. h3 hxg4 21. hxg4 Rh8 22.
Bh3 Qh7 23. Kg2 Qh4 24. Rh1 Qg3+ 25. Kf1 Qxf3 26. Bg2 Rxh1+ 27. Bxh1 Qg3 28.
Qd1 Nxc4 29. Bc1 Nxg4 30. Nxg4 Bxg4 31. Qe1 Bh3+ 32. Ke2 Qxe1+ 33. Kxe1 O-O-O
34. Bf3 g4 35. Be2 Nb6 36. Kf2 g3+ 37. Kg1 Nd7 38. Bd2 Nc5 0-1

[Event "15. Sueder Sommerpokal 2005"]
[Site "Recklinghausen GER"]
[Date "2005.08.02"]
[Round "2.37"]
[White "Plotkin, Alex"]
[Black "Kamper, Marco"]
[Result "0-1"]
[WhiteElo "1121"]
[BlackElo "1543"]
[PlyCount "103"]
[EventDate "2005.08.01"]
[EventType "swiss"]
[EventRounds "9"]
[EventCountry "GER"]
[Source "lmi"]
[SourceDate "2005.08.02"]

1. e4 e6 2. d4 d5 3. e5 c5 4. c3 Nc6 5. Nf3 Nge7 6. Be2 Nf5 7. O-O Qb6 8. dxc5
Bxc5 9. Nbd2 Qc7 10. Nb3 Bb6 11. Bf4 O-O 12. g3 a6 13. Qc2 Nfe7 14. Bd3 Ng6 15.
Bxg6 hxg6 16. Rfe1 Ba7 17. a4 Bd7 18. Nbd2 Rac8 19. b3 Nb4 20. Qb1 Qxc3 21. Rc1
Qxc1+ 22. Qxc1 Rxc1+ 23. Rxc1 Nd3 24. Rf1 f6 25. exf6 gxf6 26. Be3 Bxe3 27.
fxe3 Rc8 28. Kg2 Kg7 29. h4 e5 30. e4 d4 31. Nh2 Bc6 32. Kh3 Nc5 33. Re1 Rd8
34. g4 d3 35. Nhf1 Rd4 36. Kg3 Nxe4+ 37. Nxe4 Bxe4 38. Nd2 Bd5 39. Rc1 e4 40.
Kf4 Bc6 41. a5 Kf7 42. Ke3 Rd6 43. Rc4 f5 44. g5 Rd8 45. Rc1 Rh8 46. Rh1 Ke6
47. Nc4 Bd5 48. Nd2 Ke5 49. Nc4+ Bxc4 50. bxc4 f4+ 51. Kd2 Kf5 52. Rb1 0-1

[Event "15. Sueder Sommerpokal 2005"]
[Site "Recklinghausen GER"]
[Date "2005.08.02"]
[Round "2.38"]
[White "Kühneweg, Christian"]
[Black "Berger, Nadja"]
[Result "1-0"]
[WhiteElo "1496"]
[BlackElo "771"]
[PlyCount "113"]
[EventDate "2005.08.01"]
[EventType "swiss"]
[EventRounds "9"]
[EventCountry "GER"]
[Source "lmi"]
[SourceDate "2005.08.02"]

1. d4 d5 2. c4 c6 3. Nc3 g6 4. Bf4 Bg7 5. Nf3 Bf5 6. e3 Nf6 7. h3 Bd7 8. Be5
Qb6 9. Qc2 O-O 10. a3 a5 11. Na4 Qd8 12. c5 Bf5 13. Bd3 Bxd3 14. Qxd3 b5 15.
Nc3 Nbd7 16. Bg3 e6 17. O-O Nh5 18. Bd6 Re8 19. Ra2 Ndf6 20. g4 Ra7 21. Ne5 Ra6
22. Rfa1 Nd7 23. gxh5 Qg5+ 24. Kf1 Nxe5 25. dxe5 Bxe5 26. Bxe5 Qxe5 27. hxg6
fxg6 28. Ne2 Rf8 29. Qd4 Qf5 30. Qh4 g5 31. Qg3 Raa8 32. Nd4 Qd3+ 33. Kg1 h6
34. Nxc6 Rac8 35. Ne7+ Kg7 36. Nxc8 Rxc8 37. b4 a4 38. h4 Qf5 39. Rd2 Rf8 40.
Kf1 Qe4 41. hxg5 Qh1+ 42. Qg1 Qxg1+ 43. Kxg1 hxg5 44. Rd4 Rh8 45. Kg2 Rh4 46.
Rxh4 gxh4 47. Rh1 e5 48. Rxh4 d4 49. exd4 exd4 50. Rxd4 Kf6 51. c6 Ke5 52. Rd8
Ke6 53. c7 Ke7 54. c8=Q Kf7 55. Qc6 Kg7 56. Rd7+ Kg8 57. Qc8# 1-0

[Event "15. Sueder Sommerpokal 2005"]
[Site "Recklinghausen GER"]
[Date "2005.08.03"]
[Round "3.1"]
[White "Bakhmatov, Eduard"]
[Black "Mikhaletz, Lubomir"]
[Result "0-1"]
[WhiteElo "2373"]
[BlackElo "2451"]
[PlyCount "38"]
[EventDate "2005.08.01"]
[EventType "swiss"]
[EventRounds "9"]
[EventCountry "GER"]
[Source "lmi"]
[SourceDate "2005.08.02"]

1. e4 c5 2. Nf3 Nc6 3. Bb5 g6 4. c3 Bg7 5. d4 Qb6 6. Ba4 cxd4 7. O-O e6 8. Bxc6
bxc6 9. cxd4 d5 10. Nc3 Nf6 11. Re1 O-O 12. Qc2 Nxe4 13. Nxe4 dxe4 14. Rxe4 Bb7
15. Rh4 Rfd8 16. Qc3 Rd5 17. Ne5 Rad8 18. Bf4 Bxe5 19. dxe5 Qxb2 0-1

[Event "15. Sueder Sommerpokal 2005"]
[Site "Recklinghausen GER"]
[Date "2005.08.03"]
[Round "3.2"]
[White "Mainka, Romuald"]
[Black "Michalicek, Roland"]
[Result "1-0"]
[WhiteElo "2446"]
[BlackElo "1733"]
[PlyCount "37"]
[EventDate "2005.08.01"]
[EventType "swiss"]
[EventRounds "9"]
[EventCountry "GER"]
[Source "lmi"]
[SourceDate "2005.08.02"]

1. e4 e5 2. Bc4 Nc6 3. Nf3 Nf6 4. d3 Bc5 5. O-O d6 6. c3 Be6 7. Bb3 Bxb3 8.
Qxb3 Bb6 9. a4 h6 10. Nbd2 g5 11. Nc4 g4 12. Nfd2 Rb8 13. Qd1 Na5 14. Nxa5 Bxa5
15. b4 c5 16. bxa5 Qxa5 17. Nc4 Qxc3 18. Ra3 Qb4 19. Bd2 1-0

[Event "15. Sueder Sommerpokal 2005"]
[Site "Recklinghausen GER"]
[Date "2005.08.03"]
[Round "3.3"]
[White "Viebahn, Dirk"]
[Black "Souleidis, Georgios"]
[Result "1/2-1/2"]
[WhiteElo "2063"]
[BlackElo "2410"]
[PlyCount "126"]
[EventDate "2005.08.01"]
[EventType "swiss"]
[EventRounds "9"]
[EventCountry "GER"]
[Source "lmi"]
[SourceDate "2005.08.02"]

1. e4 c5 2. Nf3 Nc6 3. Bb5 Na5 4. Be2 e6 5. O-O a6 6. d4 cxd4 7. Nxd4 Qc7 8.
Nc3 b5 9. Re1 Bb7 10. Bf1 d6 11. Bg5 Nf6 12. Bxf6 gxf6 13. Qh5 Qc5 14. Qxc5
dxc5 15. Nb3 Nxb3 16. axb3 Bh6 17. g3 Ke7 18. Bg2 Bd2 19. Red1 Bxc3 20. bxc3 e5
21. f3 Rhd8 22. Bf1 Rxd1 23. Rxd1 Bc6 24. b4 c4 25. Ra1 f5 26. Bg2 Bb7 27. Kf2
Rd8 28. Ke3 f4+ 29. gxf4 exf4+ 30. Ke2 Bc8 31. Rg1 Rg8 32. Kf2 Rg6 33. Rd1 Rh6
34. Kg1 Rd6 35. Rxd6 Kxd6 36. Kf2 Be6 37. Ke2 Ke5 38. Bf1 Kf6 39. Kf2 Bd7 40.
Bg2 Be6 41. Bf1 Ke5 42. Ke2 f6 43. Bg2 Kd6 44. Bf1 Kc6 45. Kd2 Kb6 46. Kc1 Kc7
47. Bg2 Kd6 48. Kd2 f5 49. e5+ Kxe5 50. Kd1 Kd6 51. Kd2 Kc7 52. Kc1 Bd7 53. Kb2
Bc6 54. Kc1 Kb6 55. Kb2 h6 56. Ka2 a5 57. bxa5+ Kxa5 58. Ka3 Bb7 59. Bh1 h5 60.
h4 Kb6 61. Kb4 Bc6 62. Bg2 Bb7 63. Bh1 Bc6 1/2-1/2

[Event "15. Sueder Sommerpokal 2005"]
[Site "Recklinghausen GER"]
[Date "2005.08.03"]
[Round "3.4"]
[White "Savchenko, Vyacheslav"]
[Black "Berthy, Andreas"]
[Result "1-0"]
[WhiteElo "2387"]
[BlackElo "1582"]
[PlyCount "45"]
[EventDate "2005.08.01"]
[EventType "swiss"]
[EventRounds "9"]
[EventCountry "GER"]
[Source "lmi"]
[SourceDate "2005.08.02"]

1. e4 e6 2. d4 c5 3. Nf3 cxd4 4. Nxd4 d5 5. exd5 Qxd5 6. Nb5 Qxd1+ 7. Kxd1 Na6
8. Bf4 e5 9. Bxe5 Bg4+ 10. f3 Rd8+ 11. Nd2 f6 12. Bg3 Bf5 13. Bc4 Bb4 14. Re1+
Ne7 15. c3 Bc5 16. b4 Nxb4 17. cxb4 Bxb4 18. Re2 Rxd2+ 19. Rxd2 Bxd2 20. Kxd2
a6 21. Nd6+ Kd7 22. Re1 b5 23. Nxf5 1-0

[Event "15. Sueder Sommerpokal 2005"]
[Site "Recklinghausen GER"]
[Date "2005.08.03"]
[Round "3.5"]
[White "Hahn, Matthias"]
[Black "Kiseleva, Natalia"]
[Result "1/2-1/2"]
[WhiteElo "1994"]
[BlackElo "2300"]
[PlyCount "42"]
[EventDate "2005.08.01"]
[EventType "swiss"]
[EventRounds "9"]
[EventCountry "GER"]
[Source "lmi"]
[SourceDate "2005.08.02"]

1. d4 Nf6 2. Nf3 g6 3. c4 Bg7 4. g3 O-O 5. Bg2 d6 6. Nc3 Nbd7 7. O-O e5 8. e4
exd4 9. Nxd4 Re8 10. Re1 a6 11. h3 Rb8 12. Rb1 Ne5 13. b3 c5 14. Nc2 Nh5 15.
Nd5 f5 16. f4 Nc6 17. Kh2 b5 18. Nde3 Nd4 19. Bb2 Nxc2 20. Qxc2 Bxb2 21. Rxb2
fxe4 1/2-1/2

[Event "15. Sueder Sommerpokal 2005"]
[Site "Recklinghausen GER"]
[Date "2005.08.03"]
[Round "3.6"]
[White "Dunst, Wilhelm"]
[Black "Goldschmidt, Christian"]
[Result "1/2-1/2"]
[WhiteElo "1805"]
[BlackElo "2200"]
[PlyCount "93"]
[EventDate "2005.08.01"]
[EventType "swiss"]
[EventRounds "9"]
[EventCountry "GER"]
[Source "lmi"]
[SourceDate "2005.08.02"]

1. e4 e5 2. Nf3 Nc6 3. Bb5 a6 4. Bxc6 dxc6 5. O-O f6 6. d4 exd4 7. Qxd4 Qxd4 8.
Nxd4 c5 9. Ne2 Bd7 10. Nbc3 O-O-O 11. Bf4 Bc6 12. Rad1 Re8 13. Ng3 Ne7 14. Bc1
h5 15. f3 h4 16. Nge2 Ng6 17. Nf4 Ne5 18. Nfd5 b5 19. Ne3 c4 20. Kh1 h3 21. g4
Bc5 22. Ncd5 Nxf3 23. Rxf3 Rxe4 24. Kg1 f5 25. gxf5 Re5 26. Kf1 Bxe3 27. Ne7+
Rxe7 28. Rxe3 Rxe3 29. Bxe3 Rf8 30. Rd2 Rxf5+ 31. Rf2 Rxf2+ 32. Kxf2 c3 33. Bd4
cxb2 34. Bxb2 g6 35. Ke3 Bd5 36. a3 Kd7 37. Be5 c5 38. c3 Kc6 39. Kd3 Kb6 40.
Kc2 Ka5 41. Kb2 g5 42. Bg3 g4 43. Be5 Ka4 44. Bg3 a5 45. Be5 c4 46. Bd6 Be4 47.
Bg3 1/2-1/2